| 000 | 00554nam a2200181 i 4500 | ||
|---|---|---|---|
| 001 | 92342 | ||
| 003 | ES-MaACL | ||
| 005 | 20230906180941.0 | ||
| 007 | t| | ||
| 008 | 050225s1924 fr ||||1| fre d | ||
| 100 | 1 |
_aLiefmann, Robert. _972241 |
|
| 245 | 1 | 4 |
_aLes formes d'entreprises / _cpar Robert Liefmann; traduit d'après la 2ª. édition allemande par H. Stebz et J. Loussert. |
| 260 |
_a[Laval : _bBarneoud], _c1924. |
||
| 300 |
_a287 p. ; _c23 cm. |
||
| 700 | 1 |
_aStebz, H. _9107967 |
|
| 700 | 1 |
_aLoussert, J. _974332 |
|
| 852 |
_aES-MaACL _jF-6047 |
||
| 999 |
_c92342 _d92342 |
||